Jizva /
Román z česko-polského pomezí se sice odehrává v současnosti, zároveň ale připomíná tragické události, které se v období druhé světové války odehrály v Životicích, obci, která je dnes součástí Havířova.
Uloženo v:
| Hlavní autor: | |
|---|---|
| Médium: | E-kniha |
| Jazyk: | Czech |
| Vydáno: |
V Praze :
Vyšehrad,
2021
|
| Vydání: | Vydání první |
| Témata: | |
| Tagy: |
Žádné tagy |
| LEADER | 02638nam a2200481 i 4500 | ||
|---|---|---|---|
| 001 | 311407 | ||
| 003 | CZ PrSKC | ||
| 005 | 20260601215705.0 | ||
| 007 | ta | ||
| 008 | 210929s2021 xr a g 000 f cze | ||
| 015 | |a cnb003361918 | ||
| 020 | |a 9788076015036 |q (vázáno) : |c Kč 299,00 | ||
| 035 | |a (OCoLC)1288052774 | ||
| 035 | |a (OCoLC)1291384155 | ||
| 040 | |a ABG001 |b cze |d ABA001 |e rda | ||
| 041 | 1 | |a cze |h pol | |
| 045 | |a x4x4 | ||
| 072 | 7 | |a 821.162.1 |x Polská literatura |2 Konspekt | |
| 080 | |a 821.162.1-31 |2 MRF | ||
| 080 | |a 94(437.326)"1944" |2 MRF | ||
| 080 | |a (0:82-31) |2 MRF | ||
| 100 | 1 | |a Chlupová, Danuta, |d 1968- |7 ola20211104682 |4 aut |4 trl | |
| 240 | 1 | 0 | |a Blizna. |l Česky |7 aun20241226715 |
| 245 | 1 | 0 | |a Jizva / |c Danuta Chlupová |
| 250 | |a Vydání první | ||
| 264 | 1 | |a V Praze : |b Vyšehrad, |c 2021 | |
| 300 | |a 221 stran : |b ilustrace ; |c 21 cm | ||
| 336 | |a text |b txt |2 rdacontent | ||
| 337 | |a bez média |b n |2 rdamedia | ||
| 338 | |a svazek |b nc |2 rdacarrier | ||
| 500 | |a Z polštiny přeložila autorka | ||
| 520 | 2 | |a Román z česko-polského pomezí se sice odehrává v současnosti, zároveň ale připomíná tragické události, které se v období druhé světové války odehrály v Životicích, obci, která je dnes součástí Havířova. |b Katarzyně je přes čtyřicet a za celý život nevytáhla paty z rodného Polska. Teď však má pro svou firmu otevřít novou pobočku v Ostravě. Od studenta Martina, kterého zaměstná jako tlumočníka, se dozví o tragické historii blízké vesnice Životice. Katarzyna dojde k názoru, že dávný nacistický masakr může mít spojitost s její devadesátiletou tchyní. Na vlastní pěst rozjede pátrání - netuší ale, že pro vztahy v její rodině to může mít osudové následky. Nakladatelská anotace. | |
| 648 | 7 | |a 1944 |7 ch967320 |2 czenas | |
| 650 | 0 | 7 | |a životická tragédie (1944 : Životice, Havířov, Česko) |7 ph1134270 |2 czenas |
| 650 | 0 | 9 | |a Životice tragedy (1944 : Životice, Havířov, Czechia) |2 eczenas |
| 655 | 7 | |a polské romány |7 fd133084 |2 czenas | |
| 655 | 9 | |a Polish fiction |2 eczenas | |
| 900 | |a ABA001 |b 20 | ||
| 928 | 9 | |a Albatros Media - Vyšehrad | |
| 044 | |a xr | ||
| 910 | |a RBIT002 | ||
| 998 | |d 335104 |a https://core.palmknihy.cz/api/books/335104/cover?si74zb |b https://core.palmknihy.cz/api/books/335104/cover/400?si74zb |c https://core.palmknihy.cz/api/books/335104/cover/50?si74zb |e 2031-12-31 |g 232 |i 9788076015036 |j https://core.palmknihy.cz/api/books/335104/preview.epub |k https://core.palmknihy.cz/api/books/335104/preview.pdf |l |q 49 |r 1 |s https://www.palmknihy.cz/kniha/335104 |t ebook |y 2021 |z 0 | ||
| 999 | |d 311405 | ||